<?xml version="1.0" encoding="UTF-8"?>
<collection xmlns="http://www.loc.gov/MARC21/slim">
 <record>
  <leader>02233nam a2200217Ia 4500</leader>
  <controlfield tag="001">CTU_196516</controlfield>
  <controlfield tag="008">210402s9999    xx            000 0 und d</controlfield>
  <datafield tag="020" ind1=" " ind2=" ">
   <subfield code="c">76000</subfield>
  </datafield>
  <datafield tag="082" ind1=" " ind2=" ">
   <subfield code="a">954</subfield>
  </datafield>
  <datafield tag="082" ind1=" " ind2=" ">
   <subfield code="b">D229</subfield>
  </datafield>
  <datafield tag="100" ind1=" " ind2=" ">
   <subfield code="a">Das, Tarun</subfield>
  </datafield>
  <datafield tag="245" ind1=" " ind2="0">
   <subfield code="a">Ấn Độ sự trỗi dậy của một cường quốc</subfield>
  </datafield>
  <datafield tag="245" ind1=" " ind2="0">
   <subfield code="c">Tarun Das, Colette Mathur, Frank-Jurgen Richter ; người dịch Kiến Văn, Huyền Trang</subfield>
  </datafield>
  <datafield tag="260" ind1=" " ind2=" ">
   <subfield code="a">Hà Nội</subfield>
  </datafield>
  <datafield tag="260" ind1=" " ind2=" ">
   <subfield code="b">Từ điển Bách khoa</subfield>
  </datafield>
  <datafield tag="260" ind1=" " ind2=" ">
   <subfield code="c">2013</subfield>
  </datafield>
  <datafield tag="520" ind1=" " ind2=" ">
   <subfield code="a">Trước đây, các phương tiện truyền thông mô tả về Ấn Độ như một đất nước thụ động, chỉ biết tin vào số mệnh và tuân theo tập quán. Tuy nhiên, những từ ngữ đó ngày nay hoàn toàn không còn phù hợp nếu người ta được tận mắt chứng kiến những gì đang diễn ra trên mảnh đất này. Ấn Độ là một đất nước có nhiều nguồn lực to lớn nhưng vẫn còn nghèo. Đâu là nguyên nhân của tình trạng này? Nội dung sách trình bày ý kiến của các tác giả khác nhau về tiềm năng và bước đi cần thiết để Ấn Độ có thể đạt được mức tăng trưởng 8% hàng năm vào thập kỷ tới. Mục đích của cuốn sách này là đem đến cho độc giả cái nhìn về viễn cảnh tương lai đầy hứa hẹn của Ấn Độ. Triển vọng phía trước của Ấn Độ là hết sức lạc quan. Tuy nhiên, cũng như mọi cuộc hành trình khác, con đường mở ra cho Ấn Độ không thoát khỏi những thách thức, trở ngại nhưng những hậu duệ của Thánh Gandhi đã sẵn sàng cho cuộc hành trình đầy chông gai nhưng cũng hứa hẹn rất nhiều điều kỳ diệu</subfield>
  </datafield>
  <datafield tag="650" ind1=" " ind2=" ">
   <subfield code="a">India,Ấn Độ</subfield>
  </datafield>
  <datafield tag="650" ind1=" " ind2=" ">
   <subfield code="x">History,Lịch sử</subfield>
  </datafield>
  <datafield tag="904" ind1=" " ind2=" ">
   <subfield code="i">Bằng</subfield>
  </datafield>
  <datafield tag="980" ind1=" " ind2=" ">
   <subfield code="a">Trung tâm Học liệu Trường Đại học Cần Thơ</subfield>
  </datafield>
 </record>
</collection>
